Salim yang pendiam (6)

Bibliographic Details
Format: Book
Published: Kuala Lumpur : Penerbitan Fargoes Sdn. Bhd , 1996
Series:Siri bimbingan kanak-kanak
Subjects:

MARC

LEADER 00000cam a2200000 7i4500
001 0000065443
005 20160816.0
008 160816
020 |a 9789839106374 
020 |a 9839106376 
090 0 0 |a JAW 
245 0 0 |a Salim yang pendiam (6) 
260 |a Kuala Lumpur :   |b Penerbitan Fargoes Sdn. Bhd ,   |c 1996 
300 |a [s.n.] :   |b col., ill ;   |c 21.7cm. 
490 1 |a Siri bimbingan kanak-kanak 
500 |a Children ages 7-9 years old (orange) 
650 0 |a Jawi 
999 |a 0000458369   |b Book   |c Children Collection   |e Cawangan Bandar Penawar 
999 |a 0000766992   |b Book   |c Children Collection   |e Cawangan Bandar Penawar 
999 |a 0000774037   |b Book   |c Children Collection   |e Cawangan Pontian 
999 |a 0000774038   |b Book   |c Children Collection   |e Cawangan Pontian 
999 |a 0000884202   |b Book   |c Children Collection   |e Cawangan Segamat 
999 |a 0000884203   |b Book   |c Children Collection   |e Cawangan Segamat 
999 |a 0001214690   |b Book   |c Children Collection   |e Cawangan Taman Sri Lambak 
999 |a 0001214697   |b Book   |c Children Collection   |e Cawangan Pontian 
999 |a 0001214698   |b Book   |c Children Collection   |e Cawangan Bukit Gambir 
999 |a 0001214699   |b Book   |c Children Collection   |e Cawangan Segamat